Zamestnávanie študentov - trvalý pracovný pomer alebo dohoda?

Študenti a platenie poistného od roku 2013. Študenti a zdaňovanie príjmov z pracovno-právnych vzťahov. Študenti a daňové priznanie.

Enregistré dans:
Détails bibliographiques
Auteur principal: Rabatinová, Marcela, 1977-
Format: Chapitre de livre
Langue:slovaque
Sujets:
Tags: Ajouter un tag
Pas de tags, Soyez le premier à ajouter un tag!

MARC

LEADER 00000naa a2200000 4500
001 0163702
005 20240502072839.9
041 0 |a slo 
044 |a SK 
245 1 0 |a Zamestnávanie študentov - trvalý pracovný pomer alebo dohoda?  |c Marcela Rabatinová 
520 |a Študenti a platenie poistného od roku 2013. Študenti a zdaňovanie príjmov z pracovno-právnych vzťahov. Študenti a daňové priznanie. 
610 2 0 |a študenti 
610 2 0 |a vysokoškoláci 
610 2 0 |a zamestnanie 
610 2 0 |a poistné 
610 2 0 |a príjmy 
610 2 0 |a zdaňovanie 
100 1 |a Rabatinová, Marcela, 1977-